[Event "Dundee & Angus Major"]
[Site "?"]
[Date "2014.10.12"]
[Round "4"]
[White "Noble, Ray"]
[Black "Potts, David"]
[Result "1/2-1/2"]
[WhiteElo "1542"]
[BlackElo "1523"]
[PlyCount "54"]
[EventDate "2014.??.??"]

1. e4 b6 2. g3 Bb7 3. Bg2 g6 4. Nc3 Bg7 5. d3 e5 6. Be3 c5 7. Qd2 Ne7 8. Nh3 d6
9. O-O O-O 10. f4 f5 11. fxe5 dxe5 12. Bg5 Qd7 13. Bxe7 Qxe7 14. exf5 gxf5 15.
Rae1 Qd7 16. Bxb7 Qxb7 17. Qg2 Qxg2+ 18. Kxg2 Nc6 19. Rf2 h6 20. Ref1 Ne7 21.
Nd1 e4 22. dxe4 fxe4 23. Rxf8+ Rxf8 24. Rxf8+ Kxf8 25. Nhf2 e3 26. Nd3 e2 27.
Nc3 c4 1/2-1/2

[Event "Dundee & Angus Major"]
[Site "?"]
[Date "2014.10.12"]
[Round "4"]
[White "Cunningham, Jim"]
[Black "Adams, David"]
[Result "1/2-1/2"]
[WhiteElo "1556"]
[BlackElo "1478"]
[PlyCount "62"]
[EventDate "2014.??.??"]

1. e4 d5 2. exd5 Qxd5 3. Nc3 Qd6 4. d4 Nf6 5. Nf3 c6 6. Bc4 Bg4 7. O-O Bxf3 8.
Qxf3 Qxd4 9. Bb3 e6 10. Rd1 Qb6 11. Be3 Qc7 12. Bf4 Qc8 13. Ne4 Nxe4 14. Qxe4
Be7 15. Rd3 Na6 16. Be3 Nc7 17. Bd4 Bf6 18. Bxf6 gxf6 19. Qg4 Ke7 20. Qb4+ Ke8
21. Qg4 Ke7 22. Qb4+ Ke8 23. Rad1 Nd5 24. Qg4 Ke7 25. c4 Nb6 26. a4 a5 27. Qd4
Qc7 28. Qc5+ Ke8 29. Qd4 Ke7 30. Qc5+ Ke8 31. Qd4 Ke7 1/2-1/2

[Event "Dundee & Angus Major"]
[Site "?"]
[Date "2014.10.12"]
[Round "4"]
[White "Cassidy, Bernard"]
[Black "Caldow, Ian"]
[Result "1/2-1/2"]
[WhiteElo "1444"]
[BlackElo "1503"]
[PlyCount "102"]
[EventDate "2014.??.??"]

1. e4 e6 2. Nf3 d5 3. exd5 exd5 4. d4 Nf6 5. Bd3 Be7 6. O-O O-O 7. h3 Nc6 8. c3
h6 9. Bf4 Bd6 10. Bxd6 Qxd6 11. Qc2 Be6 12. Nbd2 a6 13. Rae1 Rae8 14. Ne5 Nh5
15. Ndf3 Nf4 16. Bf5 Ne7 17. Bxe6 Nxe6 18. Nh4 Nf4 19. Nf5 Nxf5 20. Qxf5 Ne6
21. Re3 c5 22. dxc5 Qc7 23. Rfe1 Rd8 24. Nd3 d4 25. cxd4 Nxd4 26. Qe5 Qa5 27.
c6 Qxe5 28. Nxe5 bxc6 29. Rc1 Rc8 30. Nd7 Rfd8 31. Nc5 Rb8 32. b3 a5 33. Re7
Kf8 34. Rce1 Rb5 35. Nd7+ Kg8 36. Re8+ Rxe8 37. Rxe8+ Kh7 38. Re5 Rxe5 39. Nxe5
c5 40. Nd3 Ne2+ 41. Kf1 Nc3 42. a4 c4 43. bxc4 Nxa4 44. c5 Kg6 45. c6 Nb6 46.
Nc5 a4 47. Nd3 Kf6 48. Ke2 Ke6 49. Nb4 Kd6 50. Kd2 Kc5 51. Kc3 a3 1/2-1/2

[Event "Dundee & Angus Major"]
[Site "?"]
[Date "2014.10.12"]
[Round "4"]
[White "Barron-Majerik, Jan"]
[Black "Waddell, Alec"]
[Result "1/2-1/2"]
[WhiteElo "1475"]
[BlackElo "1284"]
[PlyCount "84"]
[EventDate "2014.??.??"]

1. c4 Nf6 2. Nf3 g6 3. d4 c5 4. Nc3 cxd4 5. Nxd4 Bg7 6. Bf4 a6 7. e3 O-O 8. Bd3
d6 9. Nde2 Nc6 10. a3 Bd7 11. O-O Nh5 12. Qc2 Nxf4 13. Nxf4 Ne5 14. Be2 Rc8 15.
b3 b5 16. Ra2 bxc4 17. b4 Bg4 18. Rc1 Bxe2 19. Qxe2 e6 20. Rd2 Qc7 21. Ne4 d5
22. Nc5 Qa7 23. e4 Bh6 24. g3 Rfd8 25. exd5 Bxf4 26. gxf4 Nd3 27. Nxd3 cxd3 28.
Qd1 Rxc1 29. Qxc1 Rxd5 30. Qc8+ Kg7 31. Qc3+ Qd4 32. Rxd3 Qxc3 33. Rxc3 Rd7 34.
Rc6 Ra7 35. Kg2 Kf6 36. a4 Ke7 37. Kf3 Kd7 38. Rc1 Rb7 39. Rb1 Kc6 40. Ke4 Rd7
41. Rc1+ Kb6 42. Rc2 Kb7 1/2-1/2

[Event "Dundee & Angus Major"]
[Site "?"]
[Date "2014.10.12"]
[Round "4"]
[White "Volland (J11), Ben"]
[Black "Mulken, Nanning van"]
[Result "1/2-1/2"]
[WhiteElo "1273"]
[BlackElo "1472"]
[PlyCount "51"]
[EventDate "2014.??.??"]

1. e4 c6 2. d4 d5 3. Nc3 dxe4 4. Nxe4 Bf5 5. Ng3 Bg6 6. Nf3 Nd7 7. h4 h6 8. h5
Bh7 9. Bd3 Bxd3 10. Qxd3 e6 11. Bf4 Qa5+ 12. c3 Ngf6 13. Ne5 Be7 14. Nxd7 Nxd7
15. Qe2 O-O 16. O-O Nf6 17. Be5 Nd7 18. Rfe1 Nxe5 19. Qxe5 Qxe5 20. Rxe5 Rfd8
21. Rae1 Bd6 22. R5e3 Bxg3 23. fxg3 Rd5 24. Re5 Rad8 25. g4 Kf8 26. c4 1/2-1/2

[Event "Dundee & Angus Major"]
[Site "?"]
[Date "2014.10.12"]
[Round "4"]
[White "Pearson, Walter"]
[Black "Berera (J12), Siddharth"]
[Result "1/2-1/2"]
[WhiteElo "1454"]
[BlackElo "1088"]
[PlyCount "72"]
[EventDate "2014.??.??"]

1. e4 c5 2. Nf3 g6 3. d4 cxd4 4. Nxd4 Nc6 5. c4 Bg7 6. Be3 Nf6 7. Nc3 O-O 8.
Be2 b6 9. O-O Bb7 10. f3 Rc8 11. Rc1 d6 12. Qd2 Qd7 13. h3 Nh5 14. Kh2 Be5+ 15.
f4 Nxf4 16. Nxc6 Bxc3 17. Rxc3 Nxe2 18. Nxe7+ Qxe7 19. Qxe2 Qxe4 20. Rf4 Qe5
21. g3 d5 22. Qd2 dxc4 23. Rfxc4 Rxc4 24. Rxc4 Re8 25. Rc3 Qe4 26. g4 Qe5+ 27.
Bf4 Qe2+ 28. Kg3 Qxd2 29. Bxd2 Re7 30. Rd3 Bc6 31. Bc3 f5 32. gxf5 gxf5 33. Kf4
Be4 34. Rd8+ Kf7 35. Kg5 Ke6 36. Rf8 Rd7 1/2-1/2

[Event "Dundee & Angus Major"]
[Site "?"]
[Date "2014.10.12"]
[Round "4"]
[White "Hegde (J14), Stuthi"]
[Black "Burnett, Robert"]
[Result "0-1"]
[WhiteElo "1084"]
[BlackElo "1453"]
[PlyCount "86"]
[EventDate "2014.??.??"]

1. d4 Nf6 2. c4 g6 3. Nf3 d6 4. Nc3 Bg7 5. e3 O-O 6. Bd3 Nbd7 7. Ne4 Re8 8.
Nfg5 h6 9. Nxf6+ Nxf6 10. Ne4 e5 11. d5 Bd7 12. Nxf6+ Qxf6 13. e4 b6 14. Be2
Qh4 15. g3 Qxe4 16. Rg1 c5 17. Be3 Rad8 18. Bd3 Qg4 19. f3 Qh3 20. Rh1 e4 21.
fxe4 Qg2 22. Rf1 Bxb2 23. Rb1 Bc3+ 24. Bd2 Bxd2+ 25. Qxd2 Rxe4+ 26. Bxe4 Qxe4+
27. Kf2 Qxc4 28. Rbc1 Qg4 29. Kg1 Qg5 30. Qd3 Bf5 31. Qf3 Rf8 32. Rce1 Bg4 33.
Qd3 h5 34. Kh1 b5 35. Re3 a6 36. Rfe1 Bf5 37. Qc3 b4 38. Qb2 Bd7 39. Re7 Qxd5+
40. Kg1 Bc6 41. Kf1 Qh1+ 42. Kf2 Qxh2+ 43. Ke3 Qxb2 0-1

[Event "Dundee & Angus Major"]
[Site "?"]
[Date "2014.10.12"]
[Round "4"]
[White "Flockhart, Hugh"]
[Black "Young, Colin"]
[Result "1/2-1/2"]
[WhiteElo "1479"]
[BlackElo "1340"]
[PlyCount "89"]
[EventDate "2014.??.??"]

1. e4 e6 2. d4 d5 3. Nd2 c5 4. exd5 Qxd5 5. Ngf3 cxd4 6. Bc4 Qc5 7. Qe2 Nc6 8.
Nb3 Qd6 9. O-O Nge7 10. Bg5 f6 11. Bh4 e5 12. Rad1 Bg4 13. h3 Bxf3 14. Qxf3 a6
15. c3 b5 16. Be2 Rd8 17. cxd4 Nxd4 18. Nxd4 exd4 19. Rfe1 Kf7 20. Bg3 Qb6 21.
Qb3+ Ke8 22. Bg4 Qa7 23. Bh5+ g6 24. Bf3 Qd7 25. Rc1 Rc8 26. Rxc8+ Qxc8 27. Bd5
Kd8 28. Be6 Qc5 29. Qf3 f5 30. Qa8+ Nc8 31. Bh4+ Be7 32. Bxe7+ Kxe7 33. Bxc8+
Kf6 34. Qxa6+ Kg5 35. Bb7 Qb4 36. Rf1 d3 37. h4+ Kxh4 38. Qf6+ Kg4 39. Qxh8 d2
40. Qxh7 Kg5 41. Qh3 Qa4 42. Qe3+ Kf6 43. Qxd2 Qxa2 44. Bf3 Qe6 45. Qc3+
1/2-1/2

[Event "Dundee & Angus Major"]
[Site "?"]
[Date "2014.10.12"]
[Round "4"]
[White "Hope, Iain"]
[Black "Congalton, David"]
[Result "1/2-1/2"]
[WhiteElo "1325"]
[BlackElo "1429"]
[PlyCount "81"]
[EventDate "2014.??.??"]

1. d4 g6 2. c4 Bg7 3. Nc3 Nf6 4. e4 d6 5. Nf3 O-O 6. Be2 Nbd7 7. O-O c5 8. d5
Qb6 9. Qc2 a6 10. Ne1 Qc7 11. Nd3 Nb6 12. Ne1 Bd7 13. Rb1 Ne8 14. b3 e6 15. Bb2
e5 16. Nf3 Qd8 17. Bc1 Nc7 18. b4 Nc8 19. bxc5 dxc5 20. Rxb7 Nd6 21. Rb1 f5 22.
Be3 fxe4 23. Nxe4 Nxe4 24. Bd3 Nd6 25. Bxc5 Rxf3 26. gxf3 Qg5+ 27. Kh1 Qf4 28.
Be4 Bf5 29. Bxd6 Ne8 30. Rb8 Rxb8 31. Bxb8 Nf6 32. Qc1 Qh4 33. Bxf5 gxf5 34.
Bxe5 Qh3 35. Qd1 Kf7 36. Qe2 Ng4 37. fxg4 Bxe5 38. f4 Bd6 39. Qf3 Qh6 40. Qe3
fxg4 41. Qe6+ 1/2-1/2

[Event "Dundee & Angus Major"]
[Site "?"]
[Date "2014.10.12"]
[Round "5"]
[White "Adams, David"]
[Black "Noble, Ray"]
[Result "1/2-1/2"]
[WhiteElo "1478"]
[BlackElo "1542"]
[PlyCount "53"]
[EventDate "2014.??.??"]

1. c4 Nf6 2. Nc3 e6 3. d4 d5 4. e3 Be7 5. cxd5 exd5 6. Nf3 O-O 7. Be2 b6 8. O-O
Ba6 9. a3 Bxe2 10. Qxe2 c5 11. Rd1 c4 12. e4 dxe4 13. Nxe4 Nxe4 14. Qxe4 Nd7
15. Be3 Re8 16. Qc2 b5 17. Re1 Nb6 18. Qf5 Qd5 19. Qc2 Bf6 20. Rad1 Rad8 21.
Kf1 a5 22. Rd2 b4 23. Rde2 Rc8 24. Ne5 Bxe5 25. dxe5 Qe6 26. Bxb6 Qxb6 27. Qf5
1/2-1/2

[Event "Dundee & Angus Major"]
[Site "?"]
[Date "2014.10.12"]
[Round "5"]
[White "Potts, David"]
[Black "Burnett, Robert"]
[Result "1/2-1/2"]
[WhiteElo "1523"]
[BlackElo "1453"]
[PlyCount "72"]
[EventDate "2014.??.??"]

1. c4 Nf6 2. g3 g6 3. Bg2 Bg7 4. Nc3 c6 5. e4 d6 6. Nge2 Nbd7 7. O-O O-O 8. d4
Rb8 9. h3 a6 10. Kh2 e5 11. d5 cxd5 12. cxd5 b5 13. Be3 h5 14. Qd2 Nb6 15. b3
Kh7 16. Rac1 Qd7 17. Rc2 Qe7 18. Rfc1 Rd8 19. f3 Nfd7 20. Nd1 f6 21. h4 Re8 22.
Rc7 Na8 23. R7c2 Rd8 24. Bh3 Qe8 25. Nf2 Ndb6 26. Bxc8 Rbxc8 27. Qa5 Rxc2 28.
Rxc2 Rc8 29. Rxc8 Qxc8 30. Bxb6 Qc2 31. Ng1 Nxb6 32. Qxb6 Qxa2 33. b4 Bf8 34.
Kg2 Qd2 35. Qd8 Kg7 36. Qd7+ Kg8 1/2-1/2

[Event "Dundee & Angus Major"]
[Site "?"]
[Date "2014.10.12"]
[Round "5"]
[White "D`Costa (J14), Leston"]
[Black "Cunningham, Jim"]
[Result "1/2-1/2"]
[WhiteElo "1421"]
[BlackElo "1556"]
[PlyCount "88"]
[EventDate "2014.??.??"]

1. e4 d6 2. d4 Nf6 3. Nc3 g6 4. Be3 Bg7 5. f3 c6 6. Bd3 b5 7. Qd2 O-O 8. Nge2
b4 9. Nd1 a5 10. O-O Qc7 11. a3 c5 12. c3 c4 13. Bc2 b3 14. Bb1 e5 15. dxe5
dxe5 16. f4 Ng4 17. fxe5 Nxe3 18. Nxe3 Bh6 19. Nf4 Rd8 20. Nfd5 Qxe5 21. Nxc4
Bxd2 22. Nxe5 Be6 23. Nf6+ Kg7 24. Bd3 Bg5 25. Nd5 Ra7 26. Bc4 a4 27. Rad1 Ra5
28. Nf3 Bh6 29. h3 f5 30. Nb6 Rxd1 31. Rxd1 Bxc4 32. Nxc4 Rc5 33. Nd6 fxe4 34.
Nxe4 Rc4 35. Nd6 Rc5 36. Kf2 Nc6 37. Ne4 Rf5 38. g4 Rf4 39. Nc5 Kf7 40. Rd7+
Kg8 41. Ke2 Bf8 42. Nd3 Re4+ 43. Kd2 Na5 44. Rd4 Nc6 1/2-1/2

[Event "Dundee & Angus Major"]
[Site "?"]
[Date "2014.10.12"]
[Round "5"]
[White "Caldow, Ian"]
[Black "Volland (J11), Ben"]
[Result "0-1"]
[WhiteElo "1503"]
[BlackElo "1273"]
[PlyCount "40"]
[EventDate "2014.??.??"]

1. e4 e5 2. Nc3 Nf6 3. f4 exf4 4. Nf3 Bb4 5. d3 d5 6. Bd2 dxe4 7. Nxe4 Bxd2+ 8.
Nexd2 O-O 9. Be2 Ng4 10. Nc4 Ne3 11. Nxe3 fxe3 12. O-O Re8 13. d4 c6 14. Qd3
Nd7 15. Rae1 c5 16. c3 Nf8 17. Bd1 Be6 18. b3 Qa5 19. Re2 c4 20. bxc4 Bf5 0-1

[Event "Dundee & Angus Major"]
[Site "?"]
[Date "2014.10.12"]
[Round "5"]
[White "Young, Colin"]
[Black "Barron-Majerik, Jan"]
[Result "1/2-1/2"]
[WhiteElo "1340"]
[BlackElo "1475"]
[PlyCount "80"]
[EventDate "2014.??.??"]

1. c4 f5 2. d4 Nf6 3. Nc3 e6 4. Nf3 d6 5. Bg5 Be7 6. e3 O-O 7. Bd3 c5 8. O-O
Nc6 9. a3 Qe8 10. Qc2 Ng4 11. Bxe7 Nxe7 12. h3 Nf6 13. e4 cxd4 14. Nxd4 f4 15.
e5 dxe5 16. Nf3 Nf5 17. Rfe1 Nd4 18. Nxd4 exd4 19. Nb5 Qd7 20. a4 a6 21. Na3 f3
22. g3 e5 23. Rxe5 Qxh3 24. Bf1 Qh6 25. Qc1 Qxc1 26. Rxc1 Bd7 27. b3 h5 28. Re7
h4 29. gxh4 Bf5 30. Rd1 Rad8 31. Bd3 Nh5 32. Kh2 Bxd3 33. Rxd3 Nf4 34. Rxf3 d3
35. Re1 d2 36. Rd1 Rfe8 37. Nb1 Ng6 38. Kg3 Re4 39. Rxd2 Rxd2 40. Nxd2 Rd4
1/2-1/2

[Event "Dundee & Angus Major"]
[Site "?"]
[Date "2014.10.12"]
[Round "5"]
[White "Waddell, Alec"]
[Black "Pearson, Walter"]
[Result "0-1"]
[WhiteElo "1284"]
[BlackElo "1454"]
[PlyCount "81"]
[EventDate "2014.??.??"]

1. e4 e5 2. Nf3 Nc6 3. d4 exd4 4. Bc4 Bc5 5. c3 Nf6 6. O-O Nxe4 7. Re1 d5 8.
Bd3 O-O 9. Bxe4 dxe4 10. Rxe4 dxc3 11. Nxc3 Bf5 12. Rc4 Qxd1+ 13. Nxd1 Bb6 14.
Be3 Bxe3 15. Nxe3 Be6 16. Rc3 f6 17. b3 Rad8 18. h3 Rf7 19. Rcc1 Rfd7 20. Rd1
Nb4 21. Rxd7 Rxd7 22. a3 Nd5 23. b4 Nxe3 24. fxe3 Kf7 25. Nd4 c6 26. Rc1 Bd5
27. Kf2 g6 28. g4 a6 29. h4 Be4 30. Kg3 g5 31. hxg5 fxg5 32. Rf1+ Kg6 33. Rc1
Rd5 34. Rc3 Re5 35. Kf2 a5 36. Rc5 Rxc5 37. bxc5 Bd5 38. Nf5 Kf6 39. Nd6 a4 40.
Nxb7 Ke5 41. Nd6 0-1

[Event "Dundee & Angus Major"]
[Site "?"]
[Date "2014.11.12"]
[Round "5"]
[White "Sawaryn, Steve"]
[Black "Cassidy, Bernard"]
[Result "1-0"]
[WhiteElo "1453"]
[BlackElo "1444"]
[PlyCount "83"]
[EventDate "2014.??.??"]

1. e4 e5 2. Nf3 Nc6 3. Bb5 Nf6 4. O-O a6 5. Ba4 b5 6. Bb3 Be7 7. Re1 d6 8. c3
O-O 9. d4 Bg4 10. d5 Na5 11. Bc2 Nc4 12. b3 Nb6 13. Nbd2 Qd7 14. Nf1 c5 15. Ng3
Rac8 16. h3 Bxf3 17. Qxf3 h6 18. Nf5 Kh7 19. Be3 Rg8 20. Kh1 g5 21. g4 Rg6 22.
Rg1 Rcg8 23. Rad1 Nc8 24. Rg2 Bf8 25. Rdg1 Ne7 26. Rh2 Nxf5 27. exf5 R6g7 28.
h4 e4 29. Bxe4 Nxe4 30. Qxe4 Qe7 31. Qxe7 Bxe7 32. hxg5 Bxg5 33. f4 f6 34. fxg5
fxg5 35. Kg2 Re7 36. Kf3 Re5 37. b4 c4 38. Bd4 Re7 39. Rgh1 Rge8 40. Rxh6+ Kg8
41. Rh8+ Kf7 42. R1h7# 1-0

[Event "Dundee & Angus Major"]
[Site "?"]
[Date "2014.11.12"]
[Round "5"]
[White "Flockhart, Hugh"]
[Black "Ramazanov (J11), Vagif"]
[Result "1/2-1/2"]
[WhiteElo "1479"]
[BlackElo "1398"]
[PlyCount "67"]
[EventDate "2014.??.??"]

1. e4 c5 2. Nf3 d6 3. c3 Nc6 4. Bd3 g6 5. O-O Bg7 6. Bc2 Nf6 7. d3 O-O 8. Re1
Qc7 9. Nbd2 Bd7 10. Nf1 Ng4 11. Bf4 Nge5 12. h3 Rac8 13. N1h2 Qb6 14. Rb1 Rfd8
15. Qd2 Be6 16. b3 Nxf3+ 17. Nxf3 Qa5 18. e5 dxe5 19. Nxe5 c4 20. d4 Nxe5 21.
b4 Qc7 22. Qe3 Rd7 23. Bxe5 Bxe5 24. Qxe5 Qxe5 25. Rxe5 Rd5 26. Rbe1 Kf8 27. a4
Rcd8 28. Bd1 Rxe5 29. Rxe5 Rd5 30. f4 Rxe5 31. fxe5 Bd5 32. Kf2 f6 33. exf6
exf6 34. Bf3 1/2-1/2

[Event "Dundee & Angus Minor"]
[Site "?"]
[Date "2014.10.10"]
[Round "1"]
[White "MacMillan, Malcolm"]
[Black "McKay, Jonathan"]
[Result "1-0"]
[WhiteElo "1106"]
[BlackElo "703"]
[PlyCount "67"]
[EventDate "2014.??.??"]

1. d4 Nf6 2. Nc3 d5 3. Bg5 e6 4. f3 Nbd7 5. e4 dxe4 6. fxe4 Be7 7. e5 Nd5 8.
Bxe7 Nxe7 9. Nf3 O-O 10. Bd3 h6 11. Qe2 c5 12. Qe4 f5 13. exf6 Nxf6 14. Qe2
cxd4 15. Nd1 Kh8 16. O-O Nf5 17. Ne5 Ne7 18. Rxf6 Rxf6 19. Qe4 Qg8 20. Nf2 Rb8
21. Nfg4 Rf5 22. Qxd4 Rg5 23. Rf1 Nf5 24. Qxa7 Bd7 25. Nxd7 Rd8 26. Qxb7 Rxg4
27. Ne5 Rg5 28. Nf7+ Kh7 29. Nxg5+ hxg5 30. g4 Rb8 31. Qg2 Rxb2 32. gxf5 exf5
33. Bxf5+ Kh6 34. Qh3# 1-0

[Event "Dundee & Angus Minor"]
[Site "MyTown"]
[Date "2014.10.10"]
[Round "1"]
[White "McCulloch, Andy"]
[Black "McMillan, Andrew"]
[Result "1/2-1/2"]
[WhiteElo "1139"]
[BlackElo "794"]
[PlyCount "157"]
[EventDate "2014.11.02"]

{2MB. PentiumII} 1. d4 d5 2. e3 Bf5 3. Nf3 e6 4. Be2 Bd6 5. O-O Nf6 6. c4 c6 7.
Nc3 O-O 8. Bd3 Bg4 9. Be2 Ne4 10. Nd2 Nxc3 11. bxc3 Bxe2 12. Qxe2 Qh4 13. Nf3
Qf6 14. cxd5 cxd5 15. Qb5 Qe7 16. Rb1 b6 17. Qe2 Nd7 18. Bd2 Rac8 19. Rfe1 Nf6
20. Rec1 Ne4 21. Be1 Ba3 22. Rc2 Bd6 23. Rbc1 Rfd8 24. Ne5 Qf6 25. Nf3 Qh6 26.
c4 Ng5 27. g3 Nxf3+ 28. Qxf3 Ba3 29. Rb1 dxc4 30. Rc3 Qg6 31. Qd1 Bc5 32. Qc2
Qxc2 33. Rxc2 Be7 34. Rbc1 b5 35. Rb1 Rb8 36. Bb4 Bxb4 37. Rxb4 a6 38. Kf1 Rdc8
39. Ke2 a5 40. Rb1 b4 41. Rbc1 c3 42. Kd3 b3 43. axb3 Rxb3 44. Rxc3 Rbxc3+ 45.
Rxc3 Ra8 46. Ra3 Kf8 47. Ra2 Ke7 48. Kc4 Kd6 49. Kb5 Rb8+ 50. Ka4 Kd5 51. Rc2
Ra8 52. f3 Rb8 53. Rc5+ Kd6 $11 54. Rxa5 Rb2 55. Rh5 h6 56. f4 Re2 57. f5 Rxe3
58. fxe6 Rxe6 59. Rh4 g5 60. Rh3 Kd5 61. g4 Kxd4 62. Rb3 Ra6+ 63. Kb5 Ra2 64.
h3 Rc2 65. Rf3 Rh2 66. Kc6 Ke4 67. Ra3 $11 f6 68. Kd6 f5 69. Ra4+ Kf3 70. Ra3+
Kf4 71. Ra4+ Kg3 72. Ra3+ Kh4 73. gxf5 Kh5 74. Ke6 Re2+ 75. Kf6 Rc2 76. Ra4
Rc6+ 77. Ke5 Rc5+ 78. Kf6 $11 Rb5 79. Ke6 $11 1/2-1/2

[Event "Dundee & Angus Minor"]
[Site "?"]
[Date "2014.10.10"]
[Round "1"]
[White "Dallas, Alastair"]
[Black "Robinson, Jeffrey"]
[Result "1-0"]
[WhiteElo "1190"]
[BlackElo "929"]
[PlyCount "109"]
[EventDate "2014.??.??"]

1. e4 a6 2. d4 e6 3. Nf3 c5 4. Be3 Nf6 5. Nc3 Qa5 6. Bd3 Qb4 7. dxc5 Qxb2 8.
Bd4 Qb4 9. Rb1 Qa5 10. O-O Bxc5 11. Bxf6 gxf6 12. e5 Qxc3 13. exf6 Qxf6 14. Qe2
b5 15. Be4 Nc6 16. Rb3 Ra7 17. a3 Bb7 18. Qd3 Qg7 19. Rd1 Bc8 20. Bxc6 Rg8 21.
Nh4 Be7 22. Be4 Bxh4 23. Rc3 f5 24. Rxc8+ Ke7 25. Rxg8 Qxg8 26. Bxf5 exf5 27.
Qe3+ Qe6 28. Qxa7 Kf6 29. Qd4+ Kg5 30. g3 Bxg3 31. hxg3 h5 32. Qf4+ Kg6 33. Rd6
Kf7 34. Rxe6 dxe6 35. Qh6 a5 36. Qxh5+ Kf6 37. Qh8+ Kg5 38. Qe5 b4 39. a4 Kg4
40. Qxe6 Kg5 41. Kg2 b3 42. cxb3 f4 43. Qe5+ Kg4 44. Qxf4+ Kh5 45. g4+ Kh4 46.
g5+ Kh5 47. Kh3 Kg6 48. Qf6+ Kh7 49. f4 Kg8 50. Kh4 Kh7 51. Kh5 Kg8 52. f5 Kh7
53. g6+ Kg8 54. Qf7+ Kh8 55. Qh7# 1-0

[Event "Dundee & Angus Minor"]
[Site "?"]
[Date "2014.10.10"]
[Round "1"]
[White "Newton, David"]
[Black "McKay, Ruairidh"]
[Result "0-1"]
[WhiteElo "557"]
[BlackElo "1074"]
[PlyCount "90"]
[EventDate "2014.??.??"]

1. e4 c5 2. e5 Nc6 3. Nf3 e6 4. d4 cxd4 5. Qe2 Bb4+ 6. Bd2 Bxd2+ 7. Qxd2 Qb6 8.
b3 Qc5 9. Qe2 Nge7 10. Ng5 Qxe5 11. Qxe5 Nxe5 12. Nd2 Nd5 13. Nge4 O-O 14.
O-O-O f5 15. Nd6 Ng4 16. Re1 Nxf2 17. Rg1 Ng4 18. h3 Ngf6 19. a4 Ne8 20. Nxc8
Rxc8 21. Bb5 Rc7 22. Nf3 a6 23. Bd3 Nb4 24. Rd1 Nc6 25. Rge1 Rf6 26. Kb2 Nd6
27. Ka3 Rf8 28. Re2 b5 29. b4 Rb8 30. Rb1 bxa4 31. Bxa6 Nb5+ 32. Bxb5 Rxb5 33.
c4 dxc3 34. Rc2 Rcb7 35. Rxc3 Rxb4 36. Rbc1 Rb3+ 37. Kxa4 Rxc3 38. Rxc3 h6 39.
g3 Kf7 40. Re3 g5 41. Ne5+ Nxe5 42. Rxe5 Kf6 43. Re2 e5 44. Ka5 Ke6 45. Ka6 Rb3
0-1

[Event "Dundee & Angus Minor"]
[Site "?"]
[Date "2014.10.10"]
[Round "1"]
[White "Grant, Arthur"]
[Black "Watson, Dave"]
[Result "0-1"]
[WhiteElo "815"]
[BlackElo "1094"]
[PlyCount "80"]
[EventDate "2014.??.??"]

1. d4 d5 2. Nf3 Nf6 3. Bf4 Bg4 4. Nbd2 Nc6 5. e3 a6 6. h3 Bd7 7. c3 e6 8. Bd3
h6 9. h4 Qe7 10. Ne5 O-O-O 11. Nxd7 Qxd7 12. Nb3 Rg8 13. Nc5 Bxc5 14. dxc5 g5
15. hxg5 hxg5 16. Bg3 Ne8 17. Qb3 f5 18. f4 gxf4 19. Bh4 Rxg2 20. Bxd8 Na5 21.
Qb4 Nc4 22. O-O-O Rxb2 23. Bxc4 Rxb4 24. cxb4 Qxd8 25. exf4 Qe7 26. Bb3 Nf6 27.
Rh8+ Ne8 28. Rg1 Kd7 29. Rgh1 Nf6 30. a4 b6 31. Kb2 bxc5 32. b5 axb5 33. axb5
c4 34. Ba4 Qb4+ 35. Kc1 Qxa4 36. Rb8 Qa1+ 37. Kc2 Qxh1 38. Rb7 Qe4+ 39. Kc3 d4+
40. Kxc4 Qxb7 0-1

[Event "Dundee & Angus Minor"]
[Site "?"]
[Date "2014.10.10"]
[Round "1"]
[White "Coope, Derek"]
[Black "Connolly-Sams, Lukah"]
[Result "1/2-1/2"]
[WhiteElo "1302"]
[BlackElo "924"]
[PlyCount "90"]
[EventDate "2014.??.??"]

1. c4 e5 2. d3 Nc6 3. Nf3 Nf6 4. g3 Bb4+ 5. Nbd2 Be7 6. Bg2 d6 7. O-O Be6 8. a3
Qd7 9. b4 d5 10. b5 Nd8 11. Nxe5 Qd6 12. Bb2 c6 13. a4 a6 14. Nef3 Qb4 15. Qb3
Qxb3 16. Nxb3 dxc4 17. Nbd4 cxd3 18. exd3 Bd7 19. Ne5 axb5 20. Nxd7 Nxd7 21.
axb5 Rxa1 22. Rxa1 O-O 23. bxc6 bxc6 24. Nf5 Bf6 25. Bxf6 Nxf6 26. Ne7+ Kh8 27.
Nxc6 Nxc6 28. Bxc6 Rc8 29. Ra8 Rxa8 30. Bxa8 Ne8 31. Kf1 g6 32. f4 Kg7 33. Ke2
Kf6 34. Kf3 Nd6 35. g4 Ke6 36. h4 f5 37. h5 fxg4+ 38. Kxg4 gxh5+ 39. Kxh5 Kf5
40. Be4+ Kxf4 41. Bxh7 Ke3 42. Kg4 Kd4 43. Kf4 Nb7 44. Be4 Nc5 45. Kf3 Nxd3
1/2-1/2

[Event "Dundee & Angus Minor"]
[Site "?"]
[Date "2014.10.10"]
[Round "1"]
[White "Mathieson, Liam"]
[Black "Smith, Mark"]
[Result "1-0"]
[WhiteElo "704"]
[BlackElo "1127"]
[PlyCount "45"]
[EventDate "2014.??.??"]

1. d4 e6 2. e4 d5 3. exd5 exd5 4. c4 Nf6 5. cxd5 Nxd5 6. Bc4 Be6 7. Qb3 b6 8.
Nf3 Bb4+ 9. Bd2 Bxd2+ 10. Nbxd2 O-O 11. O-O-O Nc6 12. Ne5 Nxd4 13. Qd3 Nb4 14.
Qa3 Ne2+ 15. Bxe2 c5 16. Bc4 Qg5 17. Bxe6 fxe6 18. Nef3 Qxg2 19. Rhg1 Qxf2 20.
Rdf1 Rxf3 21. Qxf3 Qxh2 22. Qf7+ Kh8 23. Qxg7# 1-0

[Event "Dundee & Angus Minor"]
[Site "?"]
[Date "2014.10.10"]
[Round "1"]
[White "Mathieson, Robert"]
[Black "Connolly-Sams, Dietah"]
[Result "1-0"]
[WhiteElo "1077"]
[BlackElo "657"]
[PlyCount "47"]
[EventDate "2014.??.??"]

1. e4 e6 2. e5 f6 3. Nc3 fxe5 4. Qh5+ g6 5. Qxe5 Nf6 6. Nd5 Be7 7. Nxc7+ Kf7 8.
Nxa8 Nc6 9. Qg3 d6 10. Bd3 Bd7 11. Nf3 Qxa8 12. O-O Rf8 13. Ng5+ Kg8 14. Re1
Nh5 15. Qg4 Qc8 16. Nxe6 Nf4 17. Bc4 Kh8 18. g3 h5 19. Qxf4 Rxf4 20. gxf4 Qg8
21. b3 Bxe6 22. Rxe6 Qg7 23. Rb1 b5 24. Bb2 1-0

[Event "Dundee & Angus Minor"]
[Site "?"]
[Date "2014.10.10"]
[Round "2"]
[White "McKay, Ruairidh"]
[Black "Dallas, Alastair"]
[Result "1/2-1/2"]
[WhiteElo "1014"]
[BlackElo "1190"]
[PlyCount "155"]
[EventDate "2014.??.??"]

1. c4 e5 2. e4 c5 3. Nf3 Nc6 4. Nc3 Nf6 5. Be2 Be7 6. d3 d6 7. a3 Bg4 8. Ng5
Bxe2 9. Nxe2 h6 10. Nh3 Qd7 11. f4 Qg4 12. Ng3 Nd4 13. Qxg4 Nxg4 14. O-O Bh4
15. fxe5 Nxe5 16. Nf5 Bf6 17. Nxd6+ Kd7 18. Nxb7 Rhc8 19. Nf2 Nc2 20. Rb1 Rab8
21. Na5 Nxa3 22. Ra1 Nc2 23. Ra4 Nb4 24. Nb3 a6 25. Na1 Rb6 26. Ra3 Ke6 27. Be3
Nd7 28. b3 Rcc6 29. Rd1 Bxa1 30. Raxa1 Nc2 31. d4 cxd4 32. Bxd4 Nxd4 33. Rxd4
Rxb3 34. Rc1 Ne5 35. h3 Rb4 36. Rd8 h5 37. c5 a5 38. Re8+ Kf6 39. Rd8 Nc4 40.
Rf1 Ke7 41. Rd4 Rxc5 42. Nd3 Rcb5 43. Nxb4 Rxb4 44. Ra1 a4 45. Kh2 Ke6 46. Rd8
Ne3 47. Re8+ Kd7 48. Ra8 Rxe4 49. R8xa4 Re6 50. Ra7+ Ke8 51. Ra8+ Ke7 52. R8a7+
Kf6 53. R7a6 Kf5 54. Rxe6 fxe6 55. Kg3 g5 56. Ra5+ e5 57. Kf3 Nc4 58. g4+ hxg4+
59. hxg4+ Ke6 60. Ra6+ Nd6 61. Ra8 e4+ 62. Ke3 Ke5 63. Rg8 Nc4+ 64. Ke2 Kf4 65.
Rc8 Ne5 66. Rf8+ Kxg4 67. Ke3 Nd7 68. Rf7 Ne5 69. Rf8 Ng6 70. Rf1 Kh5 71. Kxe4
g4 72. Rg1 Kh4 73. Kf5 Ne7+ 74. Ke6 Ng6 75. Kf5 Ne7+ 76. Kf4 Nd5+ 77. Ke5 Ne3
78. Kf4 1/2-1/2

[Event "Dundee & Angus Minor"]
[Site "?"]
[Date "2014.10.11"]
[Round "2"]
[White "McCausland, Gary"]
[Black "Neave, Stuart"]
[Result "1-0"]
[WhiteElo "1090"]
[BlackElo "809"]
[PlyCount "69"]
[EventDate "2014.??.??"]

1. d4 Nf6 2. c4 e5 3. d5 d6 4. Nc3 c6 5. e4 cxd5 6. cxd5 g6 7. h3 Bg7 8. Bd3
Nbd7 9. a3 Nc5 10. Bc2 Bd7 11. b4 Na6 12. Be3 Rc8 13. Nge2 b6 14. Bd3 Nc7 15.
Qd2 O-O 16. O-O Rb8 17. Rac1 Qc8 18. Kh2 Bxh3 19. gxh3 Ng4+ 20. hxg4 Qxg4 21.
Ng3 h5 22. Qe2 Qh4+ 23. Kg2 Ne8 24. Rh1 Qe7 25. Qd2 h4 26. Bg5 Bf6 27. Bxf6
Qxf6 28. Qh6 g5 29. Qxf6 Nxf6 30. Nf5 Nh5 31. Kf3 Nf4 32. Bf1 Rbd8 33. Ne2 f6
34. Nxf4 exf4 35. Rc7 1-0